000 00404nam a2200181Ia 4500
003 0STCL
008 150530s9999 xx 000 0 und d
040 _aSTCL
_cSTCL
100 _aKavumbai Balakrishnan
245 _aPrathibhadhathayude Gadhakal
250 _a1
260 _c2004
_aThrissur
300 _a0
546 _aMalayalam
942 _2ddc
_cBK
999 _c80894
_d80894
005 20220125171752.0